|
|
|
|
| LEADER |
03095nam a2200541 4500 |
| 001 |
978-3-319-76072-8 |
| 003 |
DE-He213 |
| 005 |
20191028151245.0 |
| 007 |
cr nn 008mamaa |
| 008 |
180306s2018 gw | s |||| 0|eng d |
| 020 |
|
|
|a 9783319760728
|9 978-3-319-76072-8
|
| 024 |
7 |
|
|a 10.1007/978-3-319-76072-8
|2 doi
|
| 040 |
|
|
|d GrThAP
|
| 050 |
|
4 |
|a QA76.9.C65
|
| 072 |
|
7 |
|a UYM
|2 bicssc
|
| 072 |
|
7 |
|a COM072000
|2 bisacsh
|
| 072 |
|
7 |
|a UYM
|2 thema
|
| 082 |
0 |
4 |
|a 003.3
|2 23
|
| 245 |
1 |
0 |
|a Modelling and Simulation for Autonomous Systems
|h [electronic resource] :
|b 4th International Conference, MESAS 2017, Rome, Italy, October 24-26, 2017, Revised Selected Papers /
|c edited by Jan Mazal.
|
| 250 |
|
|
|a 1st ed. 2018.
|
| 264 |
|
1 |
|a Cham :
|b Springer International Publishing :
|b Imprint: Springer,
|c 2018.
|
| 300 |
|
|
|a XVII, 452 p. 222 illus.
|b online resource.
|
| 336 |
|
|
|a text
|b txt
|2 rdacontent
|
| 337 |
|
|
|a computer
|b c
|2 rdamedia
|
| 338 |
|
|
|a online resource
|b cr
|2 rdacarrier
|
| 347 |
|
|
|a text file
|b PDF
|2 rda
|
| 490 |
1 |
|
|a Information Systems and Applications, incl. Internet/Web, and HCI ;
|v 10756
|
| 520 |
|
|
|a This book constitutes the thoroughly refereed post-workshop proceedings of the 4th International Workshop on Modelling and Simulation for Autonomous Systems, MESAS 2017, held in Rome, Italy, , in October 2017. The 33 revised full papers included in the volume were carefully reviewed and selected from 38 submissions. They are organized in the following topical sections: M&S of Intelligent Systems - AI, R&D and Applications; Autonomous Systems in Context of Future Warfare and Security - Concepts, Applications, Standards and Legislation; Future Challenges and Opportunities of Advanced M&S Technology.
|
| 650 |
|
0 |
|a Computer simulation.
|
| 650 |
|
0 |
|a Artificial intelligence.
|
| 650 |
|
0 |
|a Special purpose computers.
|
| 650 |
|
0 |
|a Computer communication systems.
|
| 650 |
|
0 |
|a Computers.
|
| 650 |
1 |
4 |
|a Simulation and Modeling.
|0 http://scigraph.springernature.com/things/product-market-codes/I19000
|
| 650 |
2 |
4 |
|a Artificial Intelligence.
|0 http://scigraph.springernature.com/things/product-market-codes/I21000
|
| 650 |
2 |
4 |
|a Special Purpose and Application-Based Systems.
|0 http://scigraph.springernature.com/things/product-market-codes/I13030
|
| 650 |
2 |
4 |
|a Computer Communication Networks.
|0 http://scigraph.springernature.com/things/product-market-codes/I13022
|
| 650 |
2 |
4 |
|a Models and Principles.
|0 http://scigraph.springernature.com/things/product-market-codes/I18016
|
| 700 |
1 |
|
|a Mazal, Jan.
|e editor.
|0 (orcid)0000-0001-5741-558X
|1 https://orcid.org/0000-0001-5741-558X
|4 edt
|4 http://id.loc.gov/vocabulary/relators/edt
|
| 710 |
2 |
|
|a SpringerLink (Online service)
|
| 773 |
0 |
|
|t Springer eBooks
|
| 776 |
0 |
8 |
|i Printed edition:
|z 9783319760711
|
| 776 |
0 |
8 |
|i Printed edition:
|z 9783319760735
|
| 830 |
|
0 |
|a Information Systems and Applications, incl. Internet/Web, and HCI ;
|v 10756
|
| 856 |
4 |
0 |
|u https://doi.org/10.1007/978-3-319-76072-8
|z Full Text via HEAL-Link
|
| 912 |
|
|
|a ZDB-2-SCS
|
| 912 |
|
|
|a ZDB-2-LNC
|
| 950 |
|
|
|a Computer Science (Springer-11645)
|